| 000 | 00502nam a22001937a 4500 | ||
|---|---|---|---|
| 005 | 20150818104752.0 | ||
| 010 | _aENG-113487 | ||
| 020 |
_c150.00 _a9350571048 |
||
| 020 |
_c150.00 _a9789350571040 |
||
| 035 | _aEN-97019 | ||
| 037 | _bDBAD/PUB | ||
| 082 | _aS | ||
| 245 | _aGreatest love stories | ||
| 260 |
_aNew Delhi _bV&S Publishers _c2014 |
||
| 270 |
_aF-216, Ansari Road, Daryaganj _bNew Delhi _e110002 |
||
| 300 |
_a173p. _c22cm(Hb) |
||
| 490 | _aClassic series | ||
| 942 |
_2ddc _cEN _mGRE _hS |
||
| 999 |
_c94954 _d94954 |
||